| 000 | 00966nam a2200241 i 4500 | ||
|---|---|---|---|
| 001 | 57524 | ||
| 003 | ES-MaACL | ||
| 005 | 20251115063235.0 | ||
| 007 | t| | ||
| 008 | 031016s1985 sp ||||1| spa d | ||
| 020 | _a84-271-1431-1 | ||
| 100 | 1 |
_aDomínguez, Javier, _d1929- _9152738 |
|
| 245 | 1 | 0 |
_aOrganizaciones obreras cristianas en la oposición al franquismo (1951-1975) _b: con 65 documentos clandestinos e inéditos / _cJavier Domínguez, S.J. |
| 260 |
_aBilbao : _bMensajero, _c[1985] |
||
| 300 |
_a479 p. ; _c23 cm. |
||
| 490 | 1 | _aColección realizarse. Biblioteca educación y acción social | |
| 650 | 4 |
_aSindicatos católicos- _zEspaña. _9144646 |
|
| 651 | 4 |
_aEspaña- _xHistoria- _y1939-1975, Dictadura. _9167928 |
|
| 651 | 4 |
_aEspaña- _xHistoria eclesiástica- _y1939-1975. _9156782 |
|
| 830 | 0 |
_aColección realizarse. Biblioteca educación y acción social _9230437 |
|
| 852 |
_aES-MaACL _jL-10631 _bR.111581 |
||
| 999 |
_c57524 _d57524 |
||